KOHA-Header-6

F8 ACCA Audit and Assurance (Record no. 7550)

000 -LEADER
fixed length control field 00282nam a2200109Ia 4500
100 ## - MAIN ENTRY--AUTHOR NAME
Personal name WAP Professional study
245 #0 - TITLE STATEMENT
Title F8 ACCA Audit and Assurance
260 ## - PUBLICATION, DISTRIBUTION, ETC. (IMPRINT)
Place of publication Lahore
Name of publisher Professional study
Year of publication 2012
300 ## - PHYSICAL DESCRIPTION
Number of Pages 588
942 ## - ADDED ENTRY ELEMENTS (KOHA)
Koha item type Books
Holdings
Withdrawn status Lost status Collection code Permanent Location Current Location Shelving location Date acquired Full call number Accession Number Koha item type
      MAJU MAJU   2019-09-12 658.5 1459 Accounting

Powered by Koha